000 00731nam a2200253Ia 4500
003 OSt
005 20220928124626.0
006 a|||||r|||| 00| 0
007 ta
008 220927b |||||||| |||| 00| 0 eng d
024 _a90171
037 _cTextual
040 _aSDCL
_cSDCL
_beng
041 _2eng
_aeng
082 _aG9X, P0
100 _aBourgaize David
_9466554
245 0 _aBiotechnology
_b Demystifying the concepts.
260 _aSan
_bFrancisco Benjamin/Cummings
_c2000
300 _axvi,416p
_ccm.
700 _a Buiser Rodolfo G
_9466555
700 _a Jewell Thomas R
_9466556
942 _hG9X, P0
_cTEXL
_2CC
999 _c779389
_d779389